000 00739nam a2200169 a 4500
008 121019s2008 ||||||||||||||||| || u
050 _aPAPERS/STAFF
100 _aSiziya, Seter
245 1 0 _aCorrelates of HIV testing among women in Malawi: results from the 2006 multiple indicator cluster survey
_cby Seter Siziya; [and others]
260 _aLusaka:
_bUniversity of Zambia, School of Medicine
_c2008
300 _a6p.: ill.
490 _aTropical Medicine and International Health
490 _vVol. 13, No. 11
500 _aBibliography
650 _aWOMEN AND HIV TESTING--MALAWI
995 _aSPECIAL COLLECTIONS
_e332
_FCBU-SCHOOL OF MEDICINE LIBRARY (Ndola)
_jPAPERS/STAFF/SIZIYA
_M1
_UAVAILABLE
_WDec 6, 2012
_yB332
_ZZambiana Collection
999 _c31171
_d31171